Dimension 20 Intrepid Heroes Player Characters - Statistics

General Stats
  • This quiz has been taken 216 times
    32 since last reset
  • The average score is 33 of 41
Answer Stats
Hint Answer % Correct
Emily Axford Figueroth Faeth
100%
Lou Wilson Fabian Seacaster
96%
Zac Oyama Gorgug Thistlespring
96%
Ally Beardsley Kristen Applebees
96%
Brian Murphy Riz Gukgak
96%
Siobhan Thompson Adaine Abernanth
89%
Brian Murphy Big Barry Syx
89%
Brian Murphy Kugrash
89%
Zac Oyama Ricky Matsui
89%
Lou Wilson Kingston Brown
86%
Ally Beardsley Margaret Encino
86%
Lou Wilson Pinocchio
86%
Zac Oyama Puss in Boots
86%
Emily Axford Sophia Bicicleta
86%
Emily Axford Sundry Sidney
86%
Emily Axford Ylfa Snorgelsson
86%
Brian Murphy Maxwell Gotch
82%
Zac Oyama Norman "Skip" Takamori
82%
Ally Beardsley Pete the Plug
82%
Brian Murphy Prince Gerard of Greenleigh
82%
Siobhan Thompson Vanellope Chapman
82%
Lou Wilson Amethar Rocks
79%
Brian Murphy Cody Walsh
79%
Zac Oyama Daisuke Bucklesby
79%
Lou Wilson Gunthrie Miggles-Rashbax
79%
Zac Oyama Lapin Cadbury
79%
Ally Beardsley Liam Wilhelmina
79%
Ally Beardsley Mother Timothy Goose
79%
Siobhan Thompson Princess Rosamund Du Prix
79%
Lou Wilson Montgomery LaMontgommery
75%
Ally Beardsley Olethra MacLeod
75%
Siobhan Thompson Riva/ Being Deep Underwaterand Finding a Current that Leads You
75%
Emily Axford Saccharina Ghee
75%
Emily Axford Marya Junková
71%
Siobhan Thompson Rowan Berry
71%
Zac Oyama Cumulous Rocks
68%
Emily Axford Jet Rocks
68%
Siobhan Thompson Misty Moore
68%
Siobhan Thompson Ruby Rocks
68%
Brian Murphy Sir Theobald Gumbar
68%
Siobhan Thompson Iga Lisowski
50%
No matching quizzes found
Score Distribution
Percent of People with Each Score
Percentile by Number Answered
Your Score History
You have not taken this quiz since the last reset